| 000 | 01160cam a2200229 4500 | ||
|---|---|---|---|
| 001 | WB4008-11 | ||
| 008 | 040225n2004 000 0 eng u | ||
| 035 | _a(Sirsi) u125230 | ||
| 245 | _aUnfair contract terms | ||
| 260 | _c2004 | ||
| 490 |
_aOFT Press Release _v(29/04) 24 February 2004 (2) |
||
| 520 | _aCA has decided, in line with OFT views that the Unfair Terms in Consumer Contract Regulations 1999 (UTCCRs) apply to tenants in both private and public sector accommodation and consumers buying new homes from developers. The appeal was brought against the decision of the judicial review by three tenants against the Newham LBC placement policy on housing homeless people. Newham had argued that the UTCCRs did not apply to their tenancy agreement. For the OFT press release: http://www.oft.gov.uk/News/Press+releases/2004/29- 04.htm | ||
| 590 | _aWB | ||
| 590 | _aWB | ||
| 650 | _aNEWHAM LBC | ||
| 650 | _aUNFAIR TERMS IN CONSUMER CONTRACTS REGULATIONS 1999 | ||
| 650 | _aHOMELESS PEOPLE | ||
| 650 | _aTENANCY AGREEMENTS | ||
| 650 | _aNEWHAM LBC V KHATUN AND OTHERS | ||
| 690 | _aLANDLORD AND TENANT-RESIDENTIAL TENANCIES | ||
| 942 | _n0 | ||
| 999 |
_c117055 _d117055 |
||